Bunga mawar emas

Bibliographic Details
Main Author: Halimah Muhiden
Other Authors: Mansoor
Format: Book
Published: Kuala Lumpur : Tulus Pelita Sdn Bhd , 1995
Series:Pustaka Kancil
Subjects:

MARC

LEADER 00000cam a2200000 7i4500
001 0000009588
002 000010447
005 20000330.0
020 |a 9839875396 
090 0 0 |a JF   |b HAL 
100 0 |a Halimah Muhiden 
245 1 0 |a Bunga mawar emas   |c Halimah Muhiden ; illustrasi oleh Mansoor 
260 |a Kuala Lumpur :   |b Tulus Pelita Sdn Bhd ,   |c 1995 
300 |a 16 p. :   |b ill. ;   |c 26 cm. 
490 0 |a Pustaka Kancil 
650 0 0 |a Children's stories, Malay 
700 1 |a Mansoor 
999 |a 047295   |b BUKU   |c PINJAMAN   |e PERPUSTAKAAN KOMUNITI CAW KOTA DAMANSARA 
999 |a 047296   |b BUKU   |c PINJAMAN   |e PERPUSTAKAAN KOMUNITI CAW KOTA DAMANSARA 
999 |a 047868   |b BUKU   |c PINJAMAN   |e PERPUSTAKAAN KOMUNITI PETALING JAYA 
999 |a 047869   |b BUKU   |c PINJAMAN   |e PERPUSTAKAAN KOMUNITI PETALING JAYA 
999 |a 047870   |b BUKU   |c PINJAMAN   |e PERPUSTAKAAN KOMUNITI PETALING JAYA